| 000 | 010600000a22001930004500 | ||
|---|---|---|---|
| 020 | _a0-8297-2886-4 | ||
| 082 | 0 | 4 | _aG 226.307 W515c |
| 100 | 1 | _aWessel, Walter W. | |
| 245 | 1 | 0 | _aComentario bíblico del expositor: Marcos / Walter W. Wessel ; traducido por: Cecilia Romanenghi de De Francesco |
| 260 | _aMiami, Fl. : Vida | ||
| 300 | _a303 p. | ||
| 520 | _aEl Evangelio de Marcos es un relato sucinto y sencillo, pero vívido, del ministerio, el sufrimiento, la muerte y la resurrección de Jesús. Sin embargo, este Evangelio, como dice Pedro de algunas de las cartas de Pablo, también contiene ‘algunos puntos difíciles de entender’ (2 P 3:16) Por lo tanto, uno debiera iniciar su estudio con humildad y reconociendo sinceramente la necesidad de la sabiduría del Dios todopoderoso y la iluminación del Espíritu Santo. | ||
| 650 | 1 | 4 | _aBIBLIA - COMENTARIOS \ BIBLIA N.T. - MARCOS - COMENTARIOS |
| 001 | 10732 | ||
| 942 | _cBK | ||
| 999 |
_c40191 _d40191 |
||
| 336 |
_atexto _btxt _2rdacontent |
||
| 337 |
_2rdamedia _asin mediación _bn |
||
| 338 |
_2rdacarrier _avolumen _bnc |
||